| 000 | 01200cam a2200349 a 4500 | ||
|---|---|---|---|
| 001 | 1556 | ||
| 003 | BD-RjUL | ||
| 005 | 20211208233346.0 | ||
| 008 | 851220s1987 caua b 001 0 eng | ||
| 020 | _a0803926812 (pbk.) | ||
| 020 | _a0803926804 | ||
| 035 | _a(BD-RjUL)1581 | ||
| 040 |
_aDLC _cDLC _d(BD-RjUL) _beng |
||
| 041 | _aeng | ||
| 082 | 0 | 0 |
_a305.52 _219 _bPOW |
| 245 | 0 | 0 |
_aPower elites and organizations / _cedited by G. William Domhoff, Thomas R. Dye. |
| 260 |
_aNewbury Park, Calif. : _bSage Publications, _cc1987. |
||
| 300 |
_a292 p. : _bill. ; _c22 cm. |
||
| 490 | 0 |
_aSage focus editions ; _v82 |
|
| 500 | _aIncludes index. | ||
| 504 | _aBibliography: p. 266-287. | ||
| 650 | 0 |
_aPower (Social sciences) _95142 |
|
| 650 | 0 |
_aElite (Social sciences) _zUnited States. _95143 |
|
| 650 | 0 |
_aOrganizational sociology. _95144 |
|
| 700 | 1 |
_aDomhoff, G. William. _95145 |
|
| 700 | 1 |
_aDye, Thomas R. _95146 |
|
| 856 | 4 | 2 |
_3Publisher description _uhttp://www.loc.gov/catdir/enhancements/fy0654/85030432-d.html |
| 856 | 4 | 1 |
_3Table of contents only _uhttp://www.loc.gov/catdir/enhancements/fy0654/85030432-t.html |
| 942 |
_2ddc _cBK |
||
| 999 |
_c1556 _d1556 |
||